Teach us to outgrow our madness (Record no. 123674)
[ view plain ]
| 000 -LEADER | |
|---|---|
| fixed length control field | 00521nam a22001577a 4500 |
| 008 - FIXED-LENGTH DATA ELEMENTS--GENERAL INFORMATION | |
| fixed length control field | 151029b xxu||||| |||| 00| 0 eng d |
| 020 ## - INTERNATIONAL STANDARD BOOK NUMBER | |
| International Standard Book Number | 9780714530482 |
| 050 ## - LIBRARY OF CONGRESS CALL NUMBER | |
| Classification number | S417.S5513 A38 |
| 100 ## - MAIN ENTRY--PERSONAL NAME | |
| Personal name | Shinozaki, Mamory |
| 9 (RLIN) | 20715 |
| 245 ## - TITLE STATEMENT | |
| Title | Teach us to outgrow our madness |
| Remainder of title | four short novels by Kenzaburo OE |
| Statement of responsibility, etc | Mamory Shinozaki |
| 260 ## - PUBLICATION, DISTRIBUTION, ETC. (IMPRINT) | |
| Place of publication, distribution, etc | London |
| Name of publisher, distributor, etc | Marion Boyars |
| Date of publication, distribution, etc | 2000 |
| 300 ## - PHYSICAL DESCRIPTION | |
| Extent | xxv, 261p. ; |
| Dimensions | 22cm. |
| 600 ## - SUBJECT ADDED ENTRY--PERSONAL NAME | |
| Personal name | Shinozaki, Mamory |
| 9 (RLIN) | 20715 |
| 650 ## - SUBJECT ADDED ENTRY--TOPICAL TERM | |
| Topical term or geographic name as entry element | Form Life |
| General subdivision | tokachi Plain |
| Geographic subdivision | Japan |
| 9 (RLIN) | 20716 |
| 942 ## - ADDED ENTRY ELEMENTS (KOHA) | |
| Source of classification or shelving scheme | Library of Congress Classification |
| Item type | Monograph ( Printed materials) |
| Withdrawn status | Lost status | Source of classification or shelving scheme | Damaged status | Not for loan | Collection code | Home library | Current library | Shelving location | Date acquired | Total Checkouts | Full call number | Barcode | Date last seen | Price effective from | Koha item type |
|---|---|---|---|---|---|---|---|---|---|---|---|---|---|---|---|
| Library of Congress Classification | Main Collection | ARRUPE LIBRARY | ARRUPE LIBRARY | Main Collection | 29/10/2015 | P24.O287 T4 | 46500005290 | 02/07/2019 | 29/10/2015 | Monograph ( Printed materials) |